| 000 | 00680nam a22002177a 4500 | ||
|---|---|---|---|
| 003 | 0 | ||
| 005 | 20241008085044.0 | ||
| 008 | 241008b xxu||||| |||| 00| 0 eng d | ||
| 020 | _a9780062437914 | ||
| 050 |
_aPZ 7 _b.B189 2019 |
||
| 100 |
_aBallarini, Joe, _eauthor. |
||
| 245 |
_aA babysitter's guide to monster hunting 3 : _bmission to monster island / _cJoe Ballarini. |
||
| 260 |
_aNew York : _bKatherine Tegen Books, _c2019. |
||
| 300 |
_a307 p. : _bill. ; _c20 cm. |
||
| 440 |
_a Babysitter's Guide to Monsters, _v3. |
||
| 500 | _aA Netflix film. | ||
| 650 | _aFictional Work. | ||
| 650 |
_aRomans _vFiction. |
||
| 700 |
_aTo, Vivienne, _eillustrator. |
||
| 942 |
_2lcc _cBK |
||
| 999 |
_c366469 _d366469 |
||